ՀՀ Գիտությունների ազգային ակադեմիայի հիմնարար գիտական գրադարան  =   Fundamental Scientific Library of NAS RA

Геология месторождений угля и горючих сланцев СССР / (Record no. 398781)

MARC details
000 -LEADER
fixed length control field 00965nam a22002057a 4500
003 - CONTROL NUMBER IDENTIFIER
control field AM-YeHGA
005 - DATE AND TIME OF LATEST TRANSACTION
control field 20250617153824.0
008 - FIXED-LENGTH DATA ELEMENTS--GENERAL INFORMATION
fixed length control field 180130s xxu||||| |||| 00| 0 rus d
040 ## - CATALOGING SOURCE
Original cataloging agency AM-YeHGA
041 0# - LANGUAGE CODE
Language code of text/sound track or separate title rus
090 ## - LOCALLY ASSIGNED LC-TYPE CALL NUMBER (OCLC); LOCAL CALL NUMBER (RLIN)
-- 400909
245 00 - TITLE STATEMENT
Title Геология месторождений угля и горючих сланцев СССР /
Statement of responsibility, etc. М-во геологии и охраны недр СССР; Глав. ред.: С.А. Скробов [и др.]
260 ## - PUBLICATION, DISTRIBUTION, ETC.
Place of publication, distribution, etc. Москва :
Name of publisher, distributor, etc. Госгеолтехиздат
Date of publication, distribution, etc.
300 ## - PHYSICAL DESCRIPTION
Extent т.
505 10 - FORMATTED CONTENTS NOTE
Miscellaneous information Т. 10 (1962 : 403 с.) :
Title Угольные бассейны и месторождения Северо-Востока СССР и Камчатки
653 0# - INDEX TERM--UNCONTROLLED
Uncontrolled term Угольные месторождения - Геология - СССР
653 0# - INDEX TERM--UNCONTROLLED
Uncontrolled term Сланцевые месторождения - Геология - СССР
700 1# - ADDED ENTRY--PERSONAL NAME
Personal name Скробов, С.А.
Relator term ред.
Relationship edt
942 ## - ADDED ENTRY ELEMENTS (KOHA)
Source of classification or shelving scheme Universal Decimal Classification
Koha item type Գրքեր / Books
Holdings
Withdrawn status Lost status Source of classification or shelving scheme Damaged status Not for loan Collection Home library Current library Date acquired Serial enumeration / chronology Total checkouts Full call number Barcode Date last seen Price effective from Koha item type Public note
    Universal Decimal Classification     General Fundamental Scientific Library Fundamental Scientific Library 30/01/2018 Т. 10   РIII/10286 FL0473543 30/01/2018 30/01/2018 Գրքեր / Books 30 Days Loan


ՀՀ ԳԱԱ հիմնարար գիտական գրադարան
ՀՀ,Երևան 0019
Մարշալ Բաղրամյան 24/6
հեռախոս:(374-10) 52-47-50
Հետադարձ կապ

All site content, except where otherwise noted, is licensed under a
Creative Commons License